| 000 | 00799cam a22002651 4500 | ||
|---|---|---|---|
| 001 | 22558 | ||
| 003 | BD-RjUL | ||
| 005 | 20211209000824.0 | ||
| 008 | 140308s1964 nyu 000 0 eng d | ||
| 035 | _a(BD-RjUL)22623 | ||
| 040 |
_aDLC _cDLC _dDLC _dBD-RjUL _beng |
||
| 041 | _aeng | ||
| 082 | 0 | 0 |
_a301.24 _bBOM 1964 |
| 100 | 1 |
_aBoulding, Kenneth E. _q(Kenneth Ewart), _d1910-1993. _96112 |
|
| 245 | 1 | 4 |
_aThe meaning of the twentieth century : _bthe great transition / _cby Kenneth E. Boulding. |
| 250 | _a1st ed. | ||
| 260 |
_aNew York : _bHarper & Row, _c1964 |
||
| 300 |
_axvi, 199 p. ; _c20 cm. |
||
| 490 | 0 |
_aWorld perspectives, _vv. 34 |
|
| 650 | 0 |
_aCivilization, Modern _y1950- _96436 |
|
| 740 | 0 | _aGreat transition. | |
| 942 |
_2ddc _cBK |
||
| 999 |
_c22558 _d22558 |
||